Prelúdia pre organ
| Main Author: | |
|---|---|
| Other Authors: | |
| Format: | Musical Score Book |
| Language: | Slovak English German |
| PhysicalDescription: | 1 partitúra (58 s.) 23 x 30 cm |
| Published: |
Bratislava
Hudobné centrum
2005
|
| ISBN: | 8088884616 |
| Edition: | 2. rev. vyd. |
| Subjects: |
MARC
| LEADER | 00000ncm a2200000 a 4500 | ||
|---|---|---|---|
| 001 | vtls008623198 | ||
| 003 | SK-MaSNL | ||
| 005 | 20260331205257.0 | ||
| 007 | qu | ||
| 008 | 180531s2005 xo przeg abdi b slo | ||
| 015 | |a SNBH2006/02-00443 | ||
| 020 | |a 8088884616 |q (brož.) | ||
| 028 | 0 | 1 | |a HC 0503 |b Hudobné centrum |
| 040 | |a SNK |b slo |c SNK |e AACR2 | ||
| 041 | |a slo |a eng |a ger | ||
| 044 | |a xo |c SK | ||
| 048 | |a kb01 | ||
| 072 | 7 | |a 786 |x Hudba pre klávesové nástroje |2 konspekt | |
| 080 | |a 786.6.087.1.083.2 |2 2001 | ||
| 080 | |a 786.6 |2 2001 | ||
| 080 | |a 785 |2 2001 | ||
| 080 | |a 78.089.6 |2 2001 | ||
| 080 | |a 78.087.1 |2 2001 | ||
| 080 | |a 78.083.2 |2 2001 | ||
| 084 | |a 1.1.4 |2 snlmc | ||
| 100 | 1 | |a Schneider-Trnavský, Mikuláš, |d 1881-1958 |4 cmp |9 251793 | |
| 245 | 1 | 0 | |a Prelúdia pre organ |h hudobnina |c Mikuláš Schneider Trnavský ; editor Stanislav Šurin |
| 246 | 1 | 1 | |a Preludes for orgel |
| 246 | 1 | 1 | |a Präludien für Orgel |
| 250 | |a 2. rev. vyd. | ||
| 254 | |a Partitúra | ||
| 260 | |a Bratislava |b Hudobné centrum |c 2005 | ||
| 300 | |a 1 partitúra (58 s.) |c 23 x 30 cm | ||
| 500 | |a Bibliografia s. 54-55 | ||
| 546 | |a Súbežný text angl. a nem. | ||
| 650 | 0 | 7 | |a prelúdiá (organ) |2 SNKPH |9 63611 |
| 655 | 7 | |a organ |2 SNKPH |9 496095 | |
| 655 | 7 | |a partitúry pre sólový nástroj |2 SNKPH |9 70508 | |
| 700 | 1 | |a Šurin, Stanislav, |d 1971- |4 edt |9 13116 | |
| 919 | |a 80-88884-61-6 | ||
| 999 | |c 909902 |d 911832 | ||
| 952 | |a SNK |b SNK |y PREZ |7 0 |p 17A0497287 |o snkHSC 456 |i snk2006/3241 |8 0 |0 0 |1 0 |4 0 |d 2006-02-16 |l 0 |r 2026-02-24 07:40:29 |w 2026-02-24 | ||
| 952 | |a SNK |b SNK |y VYP |7 0 |p 17A0497288 |o snkHSC 456 D1 |i snk2006/3242 |8 0 |0 0 |1 0 |4 0 |d 2006-02-16 |l 0 |r 2026-02-24 07:40:29 |w 2026-02-24 | ||


